000 01260nam a22002537a 4500
005 20100906104624.0
008 100906t xxu||||| |||| 00| 0 hin d
010 _aHIN-90380
020 _a9788190734011
_c250.00
035 _aHN-62726
037 _bDBAD/PUN
040 _aDPL
_bHN
082 _a808.88
100 _aत्रिलोक चन्द तुलसी
_918464
245 _aअपनी हस्ती से मुलाकात /
_cत्रिलोक चन्द्र तुलसी
260 _aनई दिल्ली
_bसभ्या प्रकाशन
_c2010
270 _aWH-44, इंडस्ट्रियल एरिया फेज-1, मायापुरी
_bनई दिल्ली
_e110064
300 _a204पृ.
_c22सेमी (सजिल्द)
500 _aविश्वज्योति में प्रकाशित ललित निबन्धों का संग्रह
650 _91169
650 _918465
942 _2ddc
_cHN
_h808.88
_mत्रिलोक
999 _c44398
_d44398